| 000 | 00637nas a22002057a 4500 | ||
|---|---|---|---|
| 003 | IIN | ||
| 005 | 20251211141624.0 | ||
| 008 | 251211c2019 |||gr|p |||| 00| 0 eng d | ||
| 022 | _a3049-2572 | ||
| 022 | _a2582-0508 (eISSN) | ||
| 040 | _aIIN | ||
| 245 |
_aJournal of Neurological, Psychiatric and Mental Health Nursing _cedited by Noorul Amin |
||
| 260 |
_aUttar Pradesh _bMAT Journals _c2019 |
||
| 300 | _avol. 1 no. 1 | ||
| 310 | _aBi-annual | ||
| 650 |
_aNursing _xResearch |
||
| 650 |
_aNursing _xNeurology |
||
| 856 | _uhttps://matjournals.com/Journal-of-Neurological-Psychiatric-and-Mental-Health-Nursing.html | ||
| 942 |
_cSER _s1 |
||
| 999 |
_c1887 _d1887 |
||